Normal view
MARC view
- Rapoport, Andrea
Entry Nombre Personal
001 - NUMERO DE CONTROL
- campo de control: 51995
003 - IDENTIFICADOR DE NUMERO DE CONTROL
- campo de control: MX-MxUPN
005 - FECHA Y HORA DE LA ÜLTIMA TRANSACCIÓN
- campo de control: 20240521151923.0
008 - DATOS DE LONGITUD FIJA
- campo de control de longitud fija: 240521nn acannaabn n aaa d
040 ## - FUENTE DE CATALOGACIÓN
- Agencia original de catalogación: MX-MxUPN
- Lenguaje de catalogación: spa
100 1# - ENCABEZAMIENTO - NOMBRE PERSONAL
- Nombre personal: Rapoport, Andrea
670 ## - FUENTE EN LA QUE SE LOCALIZARON DATOS
- Cita de la fuente: A criança de 6 anos, 2009 :
- Información localizada: portada (Andrea Rapoport)
902 ## - CATALOGADOR
- Catalogador: VíctorGodínez/210524
